000 00692nam a22002297a 4500
003 UA-OsUOA
001 127087
007 ta
008 20171120b un ||||| |||| 00| 0 ukr d
100 _aФедоренко К.
700 _aУмланд А.
090 _a32
_bФ33
942 _cSA
040 _aUA-OsUOA
_bukr
_cUA-OsUOA
_dUA-OsUOA
245 _aЯк вирішити дилему безпеки для України? Ідея коаліції Міжмор'я у Центрально-Східній Європі
300 _aС.23-30
955 _a0
041 _aukr
080 _a32
773 0 _w127086
_tКритика
_dК.
_d2017
_g10
650 7 _a32 Політика
_2UDC
999 _c414842
_d414842